logo

Bir Sreshtho Munshi Abdur Rouf Library
Jhenaidah Cadet College

Study Speaking : (Record no. 621)

MARC details
000 -LEADER
fixed length control field 00749nam a2200253 a 4500
001 - CONTROL NUMBER
JCCL Control Number 621
003 - CONTROL NUMBER IDENTIFIER
JCCL marc code BD-JhCC
005 - DATE AND TIME OF LATEST TRANSACTION
control field 20171011104438.0
008 - FIXED-LENGTH DATA ELEMENTS--GENERAL INFORMATION
fixed length control field 171007s2010 ||||| |||| 00| 0beng d
020 ## - INTERNATIONAL STANDARD BOOK NUMBER
International Standard Book Number 9780521707763
035 ## - SYSTEM CONTROL NUMBER
system control number (BD-JhCC)621
040 ## - CATALOGING SOURCE
Original cataloging agency BD-JhCC
Modifying agency BD-JhCC
041 ## - LANGUAGE CODE
Language code of Book eng
082 ## - DEWEY DECIMAL CLASSIFICATION NUMBER
DDC Edition number 22
Classification number 428.3
Author mark and Year AND 2010
100 ## - MAIN ENTRY--PERSONAL NAME
Personal name Anderson, Kenneth
245 ## - TITLE STATEMENT
Title Study Speaking :
Remainder of title a course in spoken English for academic purposes /
Statement of responsibility, etc Kenneth Anderson; Joan Maclean, Tony Lynch.
260 ## - PUBLICATION, DISTRIBUTION, ETC. (IMPRINT)
Place of publication, distribution, etc United Kingdom :
Name of publisher, distributor, etc Stndicate of the university of Cambridge,
Date of publication, distribution, etc 2010.
300 ## - PHYSICAL DESCRIPTION
Pagination 224 p. :
Dimensions 25 cm.
650 ## - SUBJECT ADDED ENTRY--TOPICAL TERM
Topical term or geographic name as entry element English Language
General subdivision Speaking
700 ## - ADDED ENTRY--PERSONAL NAME
Personal name Maclean, Joan
700 ## - ADDED ENTRY--PERSONAL NAME
Personal name Lynch,Tony
942 ## - ADDED ENTRY ELEMENTS (KOHA)
Source of classification or shelving scheme Dewey Decimal Classification
Koha item type Books
Holdings
Source of classification or shelving scheme Damaged status Not for loan Home library Current library Shelving location Date of accession Total Checkouts Full call number Barcode Date last seen Date checked out Copy number Koha item type
Dewey Decimal Classification     JCC Rouf Library JCC Rouf Library General Stacks 10/23/2024 1 428.3 AND 2010 1130 11/03/2024 10/23/2024 C-1 Books

JCC Library | Contacts | JCC Home

Last Update on 23 September 2017
Copyright @ 2017-2020 JCC Rouf Library
Rouf Library, Jhenidah Cadet College (JCC), Bangladesh